| 000 | 00715nam a2200229Ia 4500 | ||
|---|---|---|---|
| 003 | OSt | ||
| 005 | 20220925225836.0 | ||
| 006 | a|||||r|||| 00| 0 | ||
| 007 | ta | ||
| 008 | 220923b |||||||| |||| 00| 0 eng d | ||
| 037 | _cGeneral Book | ||
| 040 |
_aRTL _cRTL _beng |
||
| 041 |
_2eng _aeng |
||
| 082 | _aX:82:(T).3.N7, L0 | ||
| 100 |
_aRapoport Robert N. _9269948 |
||
| 245 | 0 |
_aMid-career development _b Research perspectiveson a |
|
| 260 |
_aLondon _bTavistock Publication UK _c1970 |
||
| 300 |
_axiii, 290p. Biblipgraphy p 271-79 ; Appendix p 248-70 _ccm. |
||
| 650 | _aTop Management | ||
| 942 |
_hX:82:(T).3.N7, L0 _cGB _2CC |
||
| 999 |
_c584282 _d584282 |
||